Central Library OPAC University of Rajshahi

The roots of capitalism / (Record no. 45066)

MARC details
000 -LEADER
fixed length control field 00873cam a2200289I 4500
001 - CONTROL NUMBER
control field 45066
003 - CONTROL NUMBER IDENTIFIER
rucl marc code BD-RJUL
005 - DATE AND TIME OF LATEST TRANSACTION
control field 20211209053946.0
008 - FIXED-LENGTH DATA ELEMENTS--GENERAL INFORMATION
fixed length control field 160723s1959 nju 000 0 eng
035 ## - SYSTEM CONTROL NUMBER
System control number MITb10894842
-- BD-RJUL 45184
System control number (OCoLC)00295151
040 ## - CATALOGING SOURCE
Original cataloging agency DLC
Transcribing agency CSU
Modifying agency OCL
-- UKM
-- MYG
-- BD-RJUL
Language of cataloging eng
041 ## - LANGUAGE CODE
Language code of text/sound track or separate title eng
082 ## - DEWEY DECIMAL CLASSIFICATION NUMBER
Classification number 330.15
Author mark and year CHR 1959
100 1# - MAIN ENTRY--PERSONAL NAME
Personal name Chamberlain, John,
Dates associated with a name 1903-1995.
9 (RLIN) 138052
245 14 - TITLE STATEMENT
Title The roots of capitalism /
Statement of responsibility, etc. John Chamberlain
260 ## - PUBLICATION, DISTRIBUTION, ETC. (IMPRINT)
Place of publication, distribution, etc. Princeton, N.J. :
Name of publisher, distributor, etc. Van Nostrand,
Date of publication, distribution, etc. [1959]
300 ## - PHYSICAL DESCRIPTION
Pagination 222 p. ;
Size 24 cm.
490 1# - SERIES STATEMENT
Series statement The Library of American capitalism
650 #0 - SUBJECT ADDED ENTRY--TOPICAL TERM
Topical term or geographic name as entry element Capitalism.
9 (RLIN) 138053
Topical term or geographic name as entry element Industries
Geographic subdivision United States.
9 (RLIN) 116910
830 #0 - SERIES ADDED ENTRY--UNIFORM TITLE
Uniform title Library of American capitalism.
942 ## - ADDED ENTRY ELEMENTS (KOHA)
Source of classification or shelving scheme Dewey Decimal Classification
Koha item type Books
946 ## - LOCAL PROCESSING INFORMATION (OCLC)
a t
949 ## - LOCAL PROCESSING INFORMATION (OCLC)
a c
p 39080020355837
Holdings
Lost status Source of classification or shelving scheme Damaged status Not for loan Collection code Permanent Location Current Location Shelving location Date acquired Source of acquisition Cost, normal purchase price Total Checkouts Full call number Date last seen Copy number Koha item type
  Dewey Decimal Classification     Non-fiction Central Library, University of Rajshahi Central Library, University of Rajshahi   11/11/1963 Zeithlinger 42.60   330.15 CHR 1959 23/07/2016 C-2 Books